000 00773nam a22002297a 4500
003 OSt
005 20150227094358.0
008 150226b xxu||||| |||| 00| 0 eng d
020 _a978-84-95626-84-4
040 _cBMC
082 _a613.2
100 1 _932142
_aMartín Salinas, Carmen
245 1 0 _aManual completo de nutrición y dietética
_cCarmen Martín Salinas, Joaquina Díaz Gómez
260 _aChina
_bBarcelbaires
_c2014
300 _a655 p.
_bil. col
_c27 cm
_e+ 1 disco compacto
490 _aObras técnicas
500 _aEn la cub.: Un compendio de conocimientos de la nutrición como ciencia y su adaptación a la práctica
650 2 4 _92745
_aNutrición
650 2 4 _923508
_aDietética
700 1 _932143
_aDíaz Gómez, Joaquína
942 _2ddc
_cBK
999 _c19005
_d19005